000 00829nam a2200277 i 4500
001 8110
003 ES-MaACL
005 20250904065057.0
007 t|
008 920219s1983 sp c ||||1| spa d
020 _a848581505X
080 _a84-14"18"
080 _a84(Vielé-Griffin,F.7 P.02)
100 1 _aVielé-Griffin, Francis.
_9114578
245 1 3 _aLa Partenza /
_cFrancis Vielé-Griffin ; introducción, traducción y notas de J.M. Aguirre.
250 _a[1ª ed. en lengua española].
260 _aZaragoza :
_bOlifante,
_cD.L. 1983.
300 _a115 p. :
_bil. ;
_c21 cm.
490 1 _aOlifante
500 _aRetraro del autor.
700 1 _aAguirre, J. M.
_918820
830 0 0 _aOlifante (Serie)
_9178046
852 _aES-MaACL
_jL-15542
_bR.119939
942 _2udc
999 _c8110
_d8110